Maudsley and Burn`s land law: cases and materials (Record no. 90387)

MARC details
000 -LEADER
fixed length control field 00562cam a2200229 4500
001 - CONTROL NUMBER
control field B609
008 - FIXED-LENGTH DATA ELEMENTS--GENERAL INFORMATION
fixed length control field 090401t1986 xxu||||| |||| 00| 0 eng d
035 ## - SYSTEM CONTROL NUMBER
System control number (Sirsi) u36822
041 ## - LANGUAGE CODE
Language code of text/sound track or separate title eng
050 ## - LIBRARY OF CONGRESS CALL NUMBER
Classification number 346.41043
100 ## - MAIN ENTRY--PERSONAL NAME
Personal name Maudsley, R.H.
245 ## - TITLE STATEMENT
Title Maudsley and Burn`s land law: cases and materials
250 ## - EDITION STATEMENT
Edition statement 5th ed.
260 ## - PUBLICATION, DISTRIBUTION, ETC.
Place of publication, distribution, etc. London
Name of publisher, distributor, etc. Butterworths
Date of publication, distribution, etc. 1986
300 ## - PHYSICAL DESCRIPTION
Extent lxxxii,865p. ; 25cm.
350 ## - PRICE (NR) (BK AM CF MU VM SE) [OBSOLETE]
Price 0
520 ## - SUMMARY, ETC.
Summary, etc. This edition by E.H.Burn.
650 ## - SUBJECT ADDED ENTRY--TOPICAL TERM
Topical term or geographic name entry element LAND SALES
700 ## - ADDED ENTRY--PERSONAL NAME
Personal name Burn, E.H.
942 ## - ADDED ENTRY ELEMENTS (KOHA)
Suppress in OPAC 0
948 ## - LOCAL PROCESSING INFORMATION (OCLC); SERIES PART DESIGNATOR (RLIN)
c (OCLC) 04/03/1997
Holdings
Withdrawn status Lost status Source of classification or shelving scheme Damaged status Not for loan Home library Current library Shelving location Date acquired Total Checkouts Full call number Barcode Date last seen Copy number Price effective from Koha item type
    Dewey Decimal Classification     London London Basement 14/09/1999   SHELF 132 30006599 06/08/2019 1 06/08/2019 Book